Real Sociedad Squad 2014-2015 - Statistics

General Stats
  • This quiz has been taken 23 times
  • The average score is 16 of 26
Answer Stats
# Position Nation Player % Correct
11 FW Mexico Carlos Vela
100%
1 GK Argentina Gerónimo Rulli
100%
6 DF Spain Iñigo Martínez
100%
9 FW Spain Imanol Agirretxe
90%
7 FW Iceland Alfreð Finnbogason
80%
2 DF Spain Carlos Martínez
80%
4 MF Spain Gorka Elustondo
80%
- Coach Spain Jagoba Arrasate
80%
10 MF Spain Xabi Prieto
80%
18 FW Uruguay Chory Castro
70%
- Coach Scotland David Moyes
70%
17 MF Spain David Zurutuza
70%
13 GK Spain Eñaut Zubikarai
60%
5 MF Spain Markel Bergara
60%
3 DF Spain Mikel González
60%
14 MF Spain Rubén Pardo
60%
24 DF Spain Alberto de la Bella
50%
22 DF Spain Daniel Estrada
50%
8 MF Spain Esteban Granero
50%
- Coach Spain Asier Santana
40%
15 DF Spain Ion Ansotegi
40%
16 MF Spain Sergio Canales
40%
19 DF Spain Yuri Berchiche
40%
20 DF Spain Joseba Zaldua
30%
29 FW Spain Pablo Hervías
30%
23 MF Spain Jon Gaztañaga
20%
No matching quizzes found
Score Distribution
Percent of People with Each Score
Percentile by Number Answered
Your Score History
You have not taken this quiz